00534nam a2200157 a 450000100100000000500170001000800410002704000250006808200150009324500820010826000340019030000200022449000270024471000780027183000270034900001613820250502073819.0100226s1986 dr 001 0 spa d aDO-SdBNPbspacBNPHU axxxbG633m00aManual del servidor público /ccompilador Cristóbal Gómez Y Yangüela. aSanto Domingo :bONAP,c1986. a76 p. ;c21 cm.1 aManuales técnicosv71 aRepública Dominicana.bOficina Nacional de Administración y Personal  0aManuales técnicosn7